Health sector response to gender-based violence: (Record no. 4942)

MARC details
000 -LEADER
fixed length control field 00468nam a2200133 4500
008 - FIXED-LENGTH DATA ELEMENTS--GENERAL INFORMATION
fixed length control field 240624b |||||||| |||| 00| 0 eng d
020 ## - ISBN
ISBN 9789746802741
082 ## - DEWEY DECIMAL CLASSIFICATION NUMBER
Item number HEA
942 ## - ADDED ENTRY ELEMENTS (KOHA)
Item Type Reports
245 ## - TITLE STATEMENT
Title Health sector response to gender-based violence:
Sub Title case studies of the Asia Pacific region
260 ## - PUBLICATION, DISTRIBUTION, ETC. (IMPRINT)
Place of Publication Bangkok:
Name of Publisher UNFPA Asia and the Pacific regional office,
Date of Copyright 2010
300 ## - PHYSICAL DESCRIPTION
Extent 88 p.
856 ## - ELECTRONIC LOCATION AND ACCESS
Uniform Resource Identifier <a href="https://asiapacific.unfpa.org/sites/default/files/pub-pdf/Assessment.pdf">https://asiapacific.unfpa.org/sites/default/files/pub-pdf/Assessment.pdf</a>
Holdings
Withdrawn status Lost status Source of classification or shelving scheme Damaged status Not for loan Permanent location Current location Date acquired Total Checkouts Full call number Barcode Date last seen Price effective from Koha item type
    Dewey Decimal Classification     Resource center, Muslim Women's Research And Action Forum Resource center, Muslim Women's Research And Action Forum 2024-06-24   362.88 HEA RAF5320 2024-06-24 2024-06-24 Reports
    Dewey Decimal Classification     Resource center, Muslim Women's Research And Action Forum Resource center, Muslim Women's Research And Action Forum 2024-06-24   362.88 HEA RAF5321 2024-06-24 2024-06-24 Reports

Copyright © 2023 Muslim Women's Research and Action Forum (MWRAF), No 27/3, Anderson Road, Kalubowila, Dehiwela. Funded by The Asia Fundation